Process systems analysis and control (Record no. 13575)

000 -LEADER
fixed length control field 00578nam a22002051 4500
001 - CONTROL NUMBER
control field 13575
003 - CONTROL NUMBER IDENTIFIER
control field BD-DhUET
008 - FIXED-LENGTH DATA ELEMENTS--GENERAL INFORMATION
fixed length control field 730306s1965 nyua b 000 0 eng
040 ## - CATALOGING SOURCE
Original cataloging agency DLC
Transcribing agency DLC
Modifying agency BD-DhUET
082 ## - DEWEY DECIMAL CLASSIFICATION NUMBER
Classification number 660.284
Item number COU/1965
100 1# - MAIN ENTRY--PERSONAL NAME
Personal name Coughanowr, Donald R.
245 10 - TITLE STATEMENT
Title Process systems analysis and control
250 ## - EDITION STATEMENT
Edition statement 1st ed.
260 ## - PUBLICATION, DISTRIBUTION, ETC. (IMPRINT)
Place of publication, distribution, etc. New York
Name of publisher, distributor, etc. McGraw-Hill
Date of publication, distribution, etc. 1965
300 ## - PHYSICAL DESCRIPTION
Extent xii, 491 p.
Other physical details ill.
Dimensions 21 cm.
490 ## - SERIES STATEMENT
Series statement McGraw-Hill chemical engineering series
650 #0 - SUBJECT ADDED ENTRY--TOPICAL TERM
Topical term or geographic name as entry element Control devices process engineering
700 ## - ADDED ENTRY--PERSONAL NAME
Personal name Koppel, Lowell B.
942 ## - ADDED ENTRY ELEMENTS (KOHA)
Koha item type General Book
Holdings
Koha date last borrowed Koha item type Withdrawn status Price effective from Damaged status Date acquired Source of classification or shelving scheme Copy number Location (home branch) Shelving location Koha full call number Not for loan Koha date last seen Koha normalized classification for sorting Lost status Sublocation or collection (holding branch) Koha issues (times borrowed) Piece designation (barcode)
 General Book 2015-03-03 2015-03-03 1Central Library, BUETCirculation section660.284/COU/1965 2015-03-03660_284000000000000_COU_1965 Central Library, BUET 29699
2017-05-09General Book 2015-03-03 2015-03-03 2Central Library, BUETCirculation section660.284/COU/1965 2017-05-09660_284000000000000_COU_1965 Central Library, BUET129689
 General Book 2015-03-03 2015-03-03 3Central Library, BUETCirculation section660.284/COU/1965 2015-03-03660_284000000000000_COU_1965 Central Library, BUET 29697
 General Book 2015-03-03 2015-03-03 4Central Library, BUETCirculation section660.284/COU/1965 2015-03-03660_284000000000000_COU_1965 Central Library, BUET 29692
 General Book 2015-03-03 2015-03-03 5Central Library, BUETCirculation section660.284/COU/1965 2015-03-03660_284000000000000_COU_1965 Central Library, BUET 29698
 General Book 2015-03-03 2015-03-03 6Central Library, BUETCirculation section660.284/COU/1965 2015-03-03660_284000000000000_COU_1965 Central Library, BUET 29690
 General Book 2015-03-03 2015-03-03 7Central Library, BUETCataloging to Circulation660.284/COU/1965 2015-03-03660_284000000000000_COU_1965 Central Library, BUET 29688
 General Book 2015-03-04 2015-03-04 8Central Library, BUETCirculation section660.284/COU/1965 2015-03-04660_284000000000000_COU_1965 Central Library, BUET 34519
 General Book 2015-05-11 2015-05-11 9Central Library, BUETCirculation section660.284/COU/1965 2015-05-11660_284000000000000_COU_1965 Central Library, BUET 29694
 General Book 2015-05-11 2015-05-11 10Central Library, BUETCirculation section660.284/COU/1965 2015-05-11660_284000000000000_COU_1965 Central Library, BUET 29696
 General Book 2015-05-13 2015-05-13 11Central Library, BUETCirculation section660.284/COU/1965 2015-05-13660_284000000000000_COU_1965 Central Library, BUET 29695
 General Book 2015-05-14 2015-05-14 12Central Library, BUETCirculation section660.284/COU/1965 2015-05-14660_284000000000000_COU_1965 Central Library, BUET 17869
 General Book 2015-05-18 2015-05-18 13Central Library, BUETCirculation section660.284/COU/1965 2015-05-18660_284000000000000_COU_1965 Central Library, BUET 15822
 General Book 2015-06-20 2015-06-20 14Central Library, BUETReading section660.284/COU/1965 2015-06-20660_284000000000000_COU_1965 Central Library, BUET 29700
 General Book 2015-06-20 2015-06-20 15Central Library, BUETReading section660.284/COU/1965 2015-06-20660_284000000000000_COU_1965 Central Library, BUET 29701
 General Book 2015-07-10 2015-07-10 16Central Library, BUETCirculation section660.284/COU/1965 2015-07-10660_284000000000000_COU_1965 Central Library, BUET 16716